[Event "GER-chT WK U18 4th"]
[Site "Kiel"]
[Date "2008.06.02"]
[Round "7.4"]
[White "Klich, Jana"]
[Black "Widowski, Robin"]
[Result "1-0"]
[WhiteElo "925"]
[BlackElo "800"]
[PlyCount "125"]
[EventDate "2008.05.31"]
[EventType "team-swiss"]
[EventRounds "7"]
[EventCountry "GER"]
[SourceTitle "EXT 2010"]
[Source "ChessBase"]
[SourceDate "2010.11.25"]
[SourceVersion "1"]
[SourceVersionDate "2010.11.25"]
[SourceQuality "1"]

1. d4 Nc6 2. Nc3 d5 3. Bf4 e6 4. Nf3 Bb4 5. Bd2 Qf6 6. Nb5 Qe7 7. e3 Nf6 8. Bd3 h6 9. 0-0 0-0 10. a3 Bxd2 11. Qxd2 e5 12. dxe5 Nxe5 13. Nfd4 Nxd3 14. Qxd3 Qe4 15. Qxe4 Nxe4 16. Nxc7 Rb8 17. Nxd5 Nd2 18. Rfd1 Nc4 19. Ne7+ Kh7 20. b3 Nb2 21. Re1 Bd7 22. Rab1 Nd3 23. cxd3 Rfe8 24. Nd5 Rbc8 25. Rbc1 Rxc1 26. Rxc1 Rc8 27. Rxc8 Bxc8 28. Nb5 a6 29. Nd6 Bd7 30. e4 b5 31. Nxf7 Kg8 32. Ne5 Be8 33. f4 g5 34. fxg5 hxg5 35. h3 Kg7 36. Nc7 Kf8 37. Nxa6 Ke7 38. d4 Ke6 39. Nc7+ Ke7 40. Nxb5 Bxb5 41. a4 Ba6 42. b4 Bb7 43. b5 Bxe4 44. a5 Ke6 45. Nf3 Kd5 46. Nxg5 Bf5 47. h4 Kxd4 48. h5 Kc5 49. a6 Kxb5 50. a7 Kb6 51. a8Q Kc7 52. h6 Kd7 53. h7 Bxh7 54. Nxh7 Ke7 55. Qe4+ Kf7 56. Qf5+ Kg8 57. Qd7 Kh8 58. Kf2 Kg8 59. Kf3 Kh8 60. Kf4 Kg8 61. Kg5 Kh8 62. Kf6 Kg8 63. Qg7# 1-0